Code of practice [for] manual handling.
Đã lưu trong:
| 格式: | 圖書 |
|---|---|
| 語言: | English |
| 出版: |
[Canberra] :
Division of Workplace Health and Safety,
1991.
|
| 主題: | |
| 標簽: |
添加標簽
沒有標簽, 成為第一個標記此記錄!
|
| Thư viện lưu trữ: | Mạng thư viện Đại học Đà Nẵng |
|---|
| LEADER | 00800cam a2200301 i 4500 | ||
|---|---|---|---|
| 001 | 000046065 | ||
| 003 | 5333 | ||
| 005 | 20030214151730.0 | ||
| 008 | 010220|1991 vm 000 eng | ||
| 040 | |a IRC |c IRC |d IRC | ||
| 041 | 0 | |a eng | |
| 082 | 1 | 4 | |a 613.62 |b Co-P |
| 245 | 0 | 0 | |a Code of practice [for] manual handling. |
| 260 | |a [Canberra] : |b Division of Workplace Health and Safety, |c 1991. | ||
| 300 | |a 61p. : |b ill. | ||
| 630 | 0 | 4 | |a Materials handling. |
| 650 | 0 | 4 | |a Lifting and carrying |x Safety measures. |
| 650 | 0 | 4 | |a Materials handling |x Safety measures. |
| OWN | |a DUT | ||
| 999 | |a From the UDN01 | ||
| TYP | |a Monograph | ||
| TYP | |a Printed language | ||
| 980 | |a Mạng thư viện Đại học Đà Nẵng | ||